Регионална библиотека "Любен Каравелов" - Русе

Семейство Петър Арнаудов (Запис номер 346172)

MARC детайли
000 -Лидер
Контролно поле с фиксирана дължина nkm a22 a 4500
003 - Код на организацията, давaща контролен номер
Контролно поле BLK
005 - Дата и час на последна редакция
Контролно поле 20191024160127.0
008 - Елементи от данни с фиксирана дължина
fixed length control field 191024b bu ||||| |||| 00| 0 bu d
040 ## - Източник на каталожния запис
Идентификатор на билиотеката - собственик на записа BLK
041 ## - Код за език
Код за езика на текст/звукозапис или на отделно заглавие Български
Код за езика КДБФ Български
080 ## - УДК
Текстов определител УДК Фотография на човек, тяло, лице, портрет. Битов жанр
УДК код - определител по УДК 77.041
245 ## - Сведения за заглавието
Заглавие Семейство Петър Арнаудов
Подзаглавни данни [Снимка]
300 ## - Физическа характеристика
Размери/Мащаб 12 Х 18 см
380 ## - Жанр
Жанр Изкуство
490 ## - СЕРИИ (Колекции)
9 (RLIN) 396381
Име на серия Частна колекция - Академик Михаил Арнаудов
Бележки за серията Дарение - Основен фонд
505 ## - Форматирана забележка
Заглавие Снимка - оригинал, направена в градина. Седнали - бащата на Михаил Арнаудов - Петър с вестник на коленете и Михаил Арнаудов. Прави - брат му Димитър и сестра му Мария, поставила ръка на рамото на баща си. 1906 г.
852 ## - Местоположение
Форматна сигнатура МА 5054
999 ## - СИСТЕМНИ КОНТРОЛНИ НОМЕРА
Koha biblionumber 346172
Koha biblioitemnumber 346172
942 ## - АРТИКУЛИ
Източник на класификационната схема Universal Decimal Classification
Вид на библиотечния материал Фотографии (фотографски изображения, снимки)
Скрит в OPAC Не
Периодичен библиозапис Да
999 ## - СИСТЕМНИ КОНТРОЛНИ НОМЕРА
Koha biblioitemnumber 346172
Наличности
Код за отписване Код за изгубен артикул Източник на класификационната схема Код за повреда Код за отдаване Артикулен № Име на библиотеката - собственик Име на библиотеката, в която се намира в момента Статус (Текущо местоположение) Дата на вписване в системата Местоположение - отдел Цена в лева Систематично азбучна сигнатура Баркод Цена в евро Служебен тип на артикула
  Не е изгубен Universal Decimal Classification Не е повреден Специални фондове ( старопечатни, редки и ценни, фонд М. Арнаудов) 748252 Регионална библиотека "Любен Каравелов" Русе Регионална библиотека "Любен Каравелов" Русе Фонд "Михаил Арнаудов" 2019-10-30 Фонд "Михаил Арнаудов" 7.00 МА 5054 120000837226 3.58 Фотографии (фотографски изображения, снимки)
Vip Innovations Ltd, Rousse, Bulgaria 2025